• 首页
  • 本馆介绍
  • 公告通知
  • 最新文献
  • 馆藏检索
  • 电子资源
  • 读者导购
  • 参考咨询
  • 我的图书馆
  • 登录
  • 详细信息显示
  • 放入我的书架
  • 预约/预借图书
  • 作者相关作品
  • 分类相关作品
  • 丛书相关作品
  • 出版社相关作品

书目信息

  • 表格格式
  • 工作单格式
  • 卡片格式
题名:
小说
    
 
作者: 周丽霞 编著
分册:  
出版信息: 汕头   汕头大学出版社  2015
页数: 106页
开本: 23cm
丛书名: 中国文化百科
单 册:
中图分类: I207.409
科图分类:
主题词: 古典小说--gu dian xiao shuo--小说史--中国
电子资源:
ISBN: 978-7-5658-1595-9
000 00897nam 2200241 450
001 2351372444
005 20231109133835.94
010    @a978-7-5658-1595-9@dCNY29.80
100    @a20201020d2015 em y0chiy50 ea
101 0  @achi
102    @aCN@b440000
105    @aa z 000yy
200 1  @a小说@Axiao shuo@e小说源流荟萃@f周丽霞编著
210    @a汕头@c汕头大学出版社@d2015
215    @a106页@c图 (部分彩图)@d23cm
225 2  @a中国文化百科@Azhong guo wen hua bai ke@i灿烂文学
330    @a本书介绍了古典小说的源流, 包括先秦小说、六朝小说、唐代小说、宋元小说、明代小说、清代小说。主要包括: 上古神话孕育小说萌芽、先秦寓言对小说的影响、宗教故事和地理博物传说等。
410  0 @12001 @a中国文化百科@i灿烂文学
606 0  @a古典小说@Agu dian xiao shuo@x小说史@y中国
690    @aI207.409@v5
701  0 @a周丽霞@Azhou li xia@4编著
801  0 @aCN@b山东中教@c20230926
905    @aBZT@dI207.409@e149
    
    小说:小说源流荟萃/周丽霞编著.-汕头:汕头大学出版社,2015
    106页:图 (部分彩图);23cm.-(中国文化百科.灿烂文学)
    
    
    ISBN 978-7-5658-1595-9:CNY29.80
    本书介绍了古典小说的源流, 包括先秦小说、六朝小说、唐代小说、宋元小说、明代小说、清代小说。主要包括: 上古神话孕育小说萌芽、先秦寓言对小说的影响、宗教故事和地理博物传说等。
●
相关链接 在五车中查询图书 在当当中查询图书 在豆瓣中查询图书


正题名:小说     索取号:I207.409/149         预约/预借

序号 登录号 条形码 馆藏地/架位号 状态 备注
1 2000955455   2000955455   第四书库/四11架A面3层2列/ [索取号:I207.409/149] 在馆    
2 2000955456   2000955456   第四书库/四11架A面3层2列/ [索取号:I207.409/149] 在馆    
3 2000955457   2000955457   第四书库/四11架A面3层2列/ [索取号:I207.409/149] 在馆    
4 2000955458   2000955458   第四书库/四11架A面3层2列/ [索取号:I207.409/149] 在馆    
5 2000955459   2000955459   第四书库/四11架A面3层2列/ [索取号:I207.409/149] 在馆    
6 2000955460   2000955460   第四书库/四11架A面3层2列/ [索取号:I207.409/149] 在馆    
山东省滨州职业学院图书馆 欢迎您!
大连网信软件有限公司© 版权所有